Good news to the poor : (Record no. 1603)

MARC details
000 -LEADER
fixed length control field 01269nam a2200349 a 4500
001 - CONTROL NUMBER
control field 4030009
003 - CONTROL NUMBER IDENTIFIER
control field GBCCL
005 - DATE AND TIME OF LATEST TRANSACTION
control field 20241126110405.0
008 - FIXED-LENGTH DATA ELEMENTS--GENERAL INFORMATION
fixed length control field 970612s1997 ii b 000 0 eng
010 ## -
-- 97902270
020 ## - INTERNATIONAL STANDARD BOOK NUMBER
International Standard Book Number 8172143494
025 ## - OVERSEAS ACQUISITION NUMBER
Overseas acquisition number I-E-97-902270; 13
040 ## - CATALOGING SOURCE
Original cataloging agency DLC
Transcribing agency DLC
042 ## -
-- lcode
043 ## -
-- a-ii---
050 00 -
-- BV639.P6
-- G67 1997
082 00 - DEWEY DECIMAL CLASSIFICATION NUMBER
Classification number 261.8325
Edition information 21
Item number GOO
245 00 - TITLE STATEMENT
Title Good news to the poor :
Remainder of title the challenge to the Church /
Statement of responsibility, etc. edited by Sebastian C.H. Kim, Krickwin C. Marak.
260 ## - PUBLICATION, DISTRIBUTION, ETC.
Place of publication, distribution, etc. Delhi :
Name of publisher, distributor, etc. Published jointly by Indian Society for Promoting Christian Knowledge and Centre for Mission Studies, Union Biblical Seminary,
Date of publication, distribution, etc. 1997.
300 ## - PHYSICAL DESCRIPTION
Extent viii, 285 p. ;
Dimensions 23 cm.
504 ## - BIBLIOGRAPHY, ETC. NOTE
Bibliography, etc. note Includes bibliographical references.
520 ## - SUMMARY, ETC.
Summary, etc. Contributed articles.
650 #0 - SUBJECT ADDED ENTRY--TOPICAL TERM
Topical term or geographic name entry element Poverty
General subdivision Religious aspects
-- Christianity.
9 (RLIN) 2263
650 #0 - SUBJECT ADDED ENTRY--TOPICAL TERM
Topical term or geographic name entry element Church work with the poor
Geographic subdivision India.
9 (RLIN) 3269
700 1# - ADDED ENTRY--PERSONAL NAME
Personal name Kim, Sebastian C. H.
9 (RLIN) 3270
700 1# - ADDED ENTRY--PERSONAL NAME
Personal name Marak, Krickwin C.
9 (RLIN) 3271
710 2# - ADDED ENTRY--CORPORATE NAME
Corporate name or jurisdiction name as entry element Union Biblical Seminary (Pune, India).
Subordinate unit Centre for Mission Studies.
9 (RLIN) 1642
710 2# - ADDED ENTRY--CORPORATE NAME
Corporate name or jurisdiction name as entry element I.S.P.C.K. (Organization)
9 (RLIN) 393
906 ## - LOCAL DATA ELEMENT F, LDF (RLIN)
a 7
b cbc
c origode
d 3
e ncip
f 19
g y-gencatlg
942 ## - ADDED ENTRY ELEMENTS (KOHA)
Source of classification or shelving scheme Dewey Decimal Classification
Koha item type Books
Koha issues (borrowed), all copies 15
Holdings
Withdrawn status Lost status Source of classification or shelving scheme Damaged status Not for loan Home library Current Library Shelving location Date acquired Total checkouts Total renewals Full call number Barcode Date last seen Date last checked out Copy number Price effective from Koha item type
    Dewey Decimal Classification     GRACE BIBLE COLLEGE GRACE BIBLE COLLEGE Ministry & Mission 2017-05-09 4 7 261.8325 GOO 004948 2025-05-01 2021-07-13 c.1 2017-05-09 Books
    Dewey Decimal Classification     GRACE BIBLE COLLEGE GRACE BIBLE COLLEGE Ministry & Mission 2017-05-09 10   261.8325 GOO 004949 2025-09-26 2025-09-24 c.2 2017-05-09 Books
    Dewey Decimal Classification     GRACE BIBLE COLLEGE GRACE BIBLE COLLEGE Ministry & Mission 2017-05-09 3   261.8325 GOO 004952 2025-05-01 2019-02-12 c.3 2017-05-09 Books
© Grace Bible College Library 2025